Física Recreativa: La feria ambulante de la Física

Gespeichert in:
Bibliographische Detailangaben
1. Verfasser: Walker, Jearl D (VerfasserIn)
Format: Buch
Sprache:Spanisch
Veröffentlicht: Ciudad de México Limusa 1999
Ausgabe:2a. ed
Schlagworte:
Tags: Tag hinzufügen
Keine Tags, Fügen Sie den ersten Tag hinzu!

MARC

LEADER 00000nam a2200000 a 4500
001 UCH3893
003 CL-VaPUC
008 090818e19990000MX |||||||||||||||||spa|d
020 |a 9681828550 
082 0 4 |a 530.02  |b WAL  |2 21 
100 0 |a Walker, Jearl D  |e author  |9 539349 
245 1 0 |a Física Recreativa: La feria ambulante de la Física 
250 |a 2a. ed 
300 |a 386 p 
942 |c BK 
945 |d 20090818 00:00:00  |a ccalabra 
260 |a Ciudad de México  |b Limusa  |c 1999 
650 0 |a Física   |9 227844 
650 7 |a EJERCICIOS DE FISICA  |2 CL-VaPUC  |9 455086 
650 0 |a Educación  |9 258661 
650 0 |a Metodologías educativas   |9 311401 
650 7 |a TEORIA FISICA  |2 CL-VaPUC  |9 372115 
583 |a last modification  |c 20090818 00:00:00  |k Rodrigo Vera 
999 |c 335297  |d 335295